III RP - wiedza ogólna #3 - Statystyki

Ogólne statystyki
  • Ten quiz został rozwiązany 18 razy
  • Średni wynik to 8 z 20
Statystyki odpowiedzi
Opis Odpowiedź % Poprawnych
Data roczna zakończenia urzędowania Lecha Wałęsy na stanowisku prezydenta RP 1995
100%
Ojciec redemptorysta, założyciel wpływowego katolickiegoośrodka radiowego Tadeusz Rydzyk
83%
Umowa ze Stolicą Apostolską, zawarta przez rząd HannySuchockiej w 1993 roku Konkordat
75%
Organ sądowniczy, badający zgodność legislacji z konstytucją, przedmiot współczesnego sporu politycznego Trybunał Konstytucyjny
75%
Premier oskarżony w 1995 roku o bycie agentem rosyjskiegowywiadu, później uniewinniony Józef Oleksy
58%
Zwycięska partia w wyborach parlamentarnych w 1997 roku Akcja Wyborcza Solidarność
50%
Organizacja powołana przez sejm w 1998 roku, miała za zadanie prowadzić śledztwa w sprawie zbrodni popełnianych na Polakach w latach 1939-1989 Instytut Pamięci Narodowej
50%
Określenie opisujące działania organów władzy, którebalansują na granicy prawa lub nawet je naginają. Pochodzi od nazwiska doradcy prawnego Lecha Wałęsy Falandyzacja
42%
Partia mająca najwięcej mandatów w sejmie po pierwszychczęściowo wolnych wyborach z 4 czerwca 1989 Polska Zjednoczona PartiaRobotnicza
42%
Model ustrojowy, którego zwolennikiem był pierwszy prezydent III RP wybrany w wyborach powszechnych System prezydencki
42%
Prawidłowość z poprzedniego pytania wynika z istnienia━━ okręgów wyborczych w wyborach do Senatu Jednomandatowych
33%
Organ powstały na mocy obowiązującej konstytucji, któryrekomenduje kandydatów na sędziów prezydentowi Krajowa Rada Sądownictwa
33%
Działacz "Solidarności", założyciel AWS Marian Krzaklewski
33%
Dwie z zasad z poprzedniego pytania nie obowiązują w wyborach do Senatu. Są to zasady równości i ━ Proporcjonalności
25%
Sąd, który rozstrzygać miał o powiązaniach politykówze służbami PRL Sąd Lustracyjny
25%
Partia, która sprawowała z ugrupowaniem z poprzedniegopytania rządy koalicyjne Unia Wolności
25%
Przewodniczący tego organu, za którego kadencji uznano przesłankę społeczną w kontekście przerywania ciąży, za niekonstytucyjną Andrzej Zoll
8%
Minister Edukacji Narodowej, jeden z autorów reformyoświaty z 1999 roku, która wprowadziła m.in egzamin maturalny na koniec szkoły średniej Mirosław Handke
8%
Popierany przez prezydenta USA, George'a Busha, kandydat na pierwszego prezydenta III Rzeczpospolitej Wojciech Jaruzelski
8%
Pojęcie, którym opisuje się pięć zasad przeprowadzania wyborów do sejmu (na mocy aktualnej konstytucji) Wybory pięcioprzymiotnikowe
8%
Nie znaleziono quizów pasujących do podanych kryteriów
Rozkład punktacji
Procent ludzi z każdym wynikiem
Percentyl według liczby udzielonych odpowiedzi
Twoja historia wyników
Nie rozwiązałeś tego quizu